Countries With The Most Super Centenarians - Statistics

General Stats
  • This quiz has been taken 83 times
  • The average score is 32 of 46
Answer Stats
Number of Super Centenarians Country % Correct
2 Japan
100%
4 USA
97%
2 Norway
95%
2 Sweden
95%
9 France
94%
2 Spain
94%
2 United Kingdom
94%
3 Canada
92%
2 Russia
92%
3 Italy
91%
2 Finland
90%
1 Brazil
87%
3 Germany
87%
4 Poland
87%
2 Australia
85%
2 Austria
85%
7 Denmark
85%
2 Portugal
85%
1 India
84%
1 Mexico
84%
2 Switzerland
84%
2 Ireland
82%
3 Belgium
81%
2 Greece
81%
2 New Zealand
80%
2 Netherlands
77%
2 Czech Republic
72%
3 Iceland
72%
1 South Africa
68%
1 Slovenia
67%
1 Peru
66%
1 Colombia
62%
1 Croatia
61%
1 Israel
58%
1 Romania
58%
1 Lithuania
52%
1 Ecuador
51%
1 Belarus
48%
1 Morocco
42%
1 Uruguay
41%
2 Algeria
39%
1 Jamaica
29%
1 Moldova
18%
1 Barbados
14%
1 Saint Kitts and Nevis
9%
1 Cape Verde
0%
No matching quizzes found
Score Distribution
Percent of People with Each Score
Percentile by Number Answered
Your Score History
You have not taken this quiz